Представление документа в формате RUSMARC

ПолеНазваниеЗначение
  Тип записи a
  Библиографический уровень c
001 Контрольный номер RU/SLIB/B/250190092
005 Дата корректировки 20201206204539.1
010 Индекс ISBN __
a ISBN 5-9555-0699-3
d Цена 3963-08
101 Язык документа 0_
a Язык текста rus
200 Заглавие и сведения об ответственности 1_
a Заглавие Волшебная флейта
e Сведения, относящиеся к заглавию сказки и легенды
f Первые сведения об ответственности [авт.-сост.] Марина Дружинина ; худож. Олег Коминарец ; дизайн: Алексей Копалин
b Общее обозначение материала Текст
210 Выходные данные __
a Место издания М.
c Издательство Дрофа-Плюс
d Дата издания 2006
215 Физическое описание __
a Объем 172, [4] с.
c Иллюстрации/тип воспроизводства ил.
300 Общие примечания __
a Общие примечания Кн. в футл.
327 Примечание о содержании __
a Примечание о содержании Садко
327 Примечание о содержании __
a Примечание о содержании Снегурочка
327 Примечание о содержании __
a Примечание о содержании Лоэнгрин
327 Примечание о содержании __
a Примечание о содержании Любовь к трем Апельсинам
327 Примечание о содержании __
a Примечание о содержании Гензель и Гретель
327 Примечание о содержании __
a Примечание о содержании Орфей и Эвридика
327 Примечание о содержании __
a Примечание о содержании Турандот
330 Аннотация __
a Аннотация Герои сказок и легенд, которые вошли в эту книгу, появились в разное время и у разных народов. Истории, случившиеся с ними, превратились в прекрасные оперы, созданные великими музыкантами, а также рассказывается о том, как создавались знаменитые оперы.
600 Персоналии __
a Персоналии (Фамилия) Римский-Корсаков, Н. А.
c Дополнение к имени композитор русский
f Даты 1844-1908
g Полное имя Николай Андреевич
600 Персоналии __
a Персоналии (Фамилия) Вагнер, Р.
c Дополнение к имени композитор немецкий
f Даты 1813-1883
g Полное имя Рихард
600 Персоналии __
a Персоналии (Фамилия) Моцарт, В. А.
c Дополнение к имени композитор австрийский
f Даты 1756-1791
g Полное имя Вольфганг Амадей
600 Персоналии __
a Персоналии (Фамилия) Гумпердинк, Э.
g Полное имя Энгельберт
600 Персоналии __
a Персоналии (Фамилия) Глюк, К. В.
f Даты 1714-1787
g Полное имя Кристоф Виллибальд
600 Персоналии __
a Персоналии (Фамилия) Пуччини, Д.
f Даты 1858-1924
g Полное имя Джакомо
605 Заглавие как предмет __
a Заглавие Садко /опера/
605 Заглавие как предмет __
a Заглавие Снегурочка /опера/
605 Заглавие как предмет __
a Заглавие Лоэнгрин /опера/
605 Заглавие как предмет __
a Заглавие Любовь к трем апельсинам /опера/
605 Заглавие как предмет __
a Заглавие Волшебная флейта /опера/
605 Заглавие как предмет __
a Заглавие Гензель и Гретель /опера/
605 Заглавие как предмет __
a Заглавие Орфей и Эвридика /опера/
605 Заглавие как предмет __
a Заглавие Турандот /опера/
606 Тематические рубрики __
a Основная рубрика Музыка и зрелищные искусства
z Хронологическая подрубрика 19 в.
y Географическая подрубрика Россия; Германия; Древняя Греция; Англия
606 Тематические рубрики __
a Основная рубрика Оперный театр
610 Ключевые слова __
a Ключевые слова детская литература; познавательная литература; оперы; оперная музыка; сказки; былины; народный эпос; былинные герои; былинные персонажи; Садко; Лоэнгрин; народные сказки; русские народные сказки; композиторы; персоналии; немецкая музыка; русская музыка; легенды; рыцари; тема подвигов; тема приключений; тема путешествий; тема любви; тема рыцарства; итальянская литература; английский фольклор; древнегреческая мифология; древнегреческий фольклор; мифы
686 Индексы других классификаций __
a Классификационный индекс ст85.335.41
700 Автор _1
a Фамилия Дружинина
b Имя М. В.
g Полное личное имя Марина Владимировна
4 Код отношения 070
4 Код отношения 220
702 Вторичная интеллектуальная ответственность _1
a Фамилия Коминарец
b Имя О.
4 Код отношения Художник
4 Код отношения 040
702 Вторичная интеллектуальная ответственность _1
a Фамилия Копалин
b Имя А.
4 Код отношения Художник
4 Код отношения 040
801 Источник записи _0
a Страна RU
b Организация Муниципальное бюджетное учреждение культуры "Централизованная библиотечная система" г. Сургут (Центральная городская библиотека им. А. С. Пушкина)
g Правила каталогизации КиК/Поспелова
801 Источник записи _1
a Страна RU
b Организация Муниципальное бюджетное учреждение культуры "Централизованная библиотечная система" г. Сургут (Центральная городская библиотека им. А. С. Пушкина)
g Правила каталогизации КиК/Поспелова
852 Данные о местонахождении __
j Шифр хранения ст85.335.41
c Каталожный индекс ст85.319
i Авторский знак Д 76
901 Тип документа 1_
t Тип документа x
903 Характеристики (МАРС) __
a Дата передачи 20071206
969 Тип издания __
a Тип издания сборник
990 Данные о заказе (DOS) __
j Количество экземпляров (DOS) 1
t N записи в КСУ для И/У (DOS) 200801